000 00768nam a2200241Ia 4500
003 OSt
005 20220923214910.0
006 a|||||r|||| 00| 0
007 ta
008 220922b |||||||| |||| 00| 0 hin d
024 _a173,566
037 _cTextual
040 _aARTS
_cARTS
_bhin
041 _2hin
_ahin
082 _aO152,6vN3, J9
100 _aगुलाबराय
_9156277
245 0 _aहिन्दी गद्य का विकास और प्रमुख शैलीकार
246 _aHindī gadya kā vikās aur pramukh shailīkāra
260 _c1959
650 _aहिन्दी साहित्य
_9156264
942 _hO152,6vN3, J9
_cTEXL
_2CC
999 _c327456
_d327456